[Event "Polonia Wroclaw Masters Cup-IM"]
[Site "Wroclaw"]
[Date "2019.04.29"]
[Round "2.4"]
[White "Martynyuk, Elizaveta"]
[Black "Stachowiak, Kamil"]
[Result "0-1"]
[WhiteElo "2141"]
[BlackElo "2439"]
[Annotator "TA"]
[PlyCount "56"]
[EventDate "2019.04.28"]
[EventType "tourn"]
[EventCountry "POL"]
[SourceTitle "playchess.com"]
[Source "ChessBase"]
[SourceQuality "1"]

{[%evp 17,56,40,54,37,55,25,25,-65,-69,-70,-78,-313,-302,-336,-329,-357,-366,-482,-505,-699,-698,-675,-665,-676,-676,-642,-622,-29985,-29986,-29986,-29987,-29992,-29993,-29993,-29992,-29995,-29994,-29995,-29995,-29997,-29998]} 1. e4 c5 2. Nf3 e6 3. d4 cxd4 4. Nxd4 Nc6 5. Nc3 Qc7 6. Be3 a6 7. Bd3 Nf6 8. O-O h5 9. h3 b5 {[%cal Bb7b5,Bb5b4][%mdl 32]} 10. Nxc6 {B48: Sicilian: Taimanov: 5 Nc3 Qc7 6 Be3 a6 without Be2} (10. Qd2 Bb7 11. Rae1 Ne5 12. f4 Nc4 13. Bxc4 Qxc4 14. e5 Ne4 15. Nxe4 Bxe4 16. b3 Qd5 17. Rd1 Rc8 {0-1 (44) Vachier Lagrave,M (2778)-Kamsky,G (2666) Germany 2019}) 10... Qxc6 11. Qf3 $146 ({Predecessor:} 11. a3 Bb7 12. Re1 Rc8 13. Qd2 Be7 14. f3 h4 15. e5 Nh5 16. Be4 Qc7 17. Bxb7 Qxb7 {½-½ (47) Perunovic,M (2616)-Zhigalko,S (2669) Calimanesti Caciulata 2016}) 11... Bb7 12. Bd4 ({White should try} 12. a3 $11) 12... b4 $1 $15 {[%cal Rb4c3]} 13. Bxf6 gxf6 14. Qxf6 $2 {[#]} (14. Nb1 $17) 14... Rh6 $19 15. Qd4 bxc3 16. bxc3 Bc5 17. Qg7 Rg6 18. Qh8+ Ke7 19. Qxh5 Rag8 20. g4 {[#]} f5 $1 {[%mdl 512]} 21. Rab1 (21. exf5 Qh1#) 21... fxg4 22. hxg4 Rxg4+ {Black mates.} 23. Kh1 Qc8 24. Qh7+ R8g7 {[%cal Rg7h7]} 25. Qh2 Qg8 26. f3 R4g5 27. f4 Rg4 28. Rf3 Rg1+ {[%mdl 64] Back Rank. Accuracy: White = 13%, Black = 100%.} 0-1

[Event "Polonia Wroclaw Masters Cup-IM"]
[Site "Wroclaw"]
[Date "2019.04.29"]
[Round "2.5"]
[White "Czopor, Maciej"]
[Black "Frolov, Artur"]
[Result "0-1"]
[WhiteElo "2229"]
[BlackElo "2440"]
[Annotator "TA"]
[PlyCount "256"]
[EventDate "2019.04.28"]
[EventType "tourn"]
[EventCountry "POL"]
[SourceTitle "playchess.com"]
[Source "ChessBase"]
[SourceQuality "1"]

{[%evp 24,256,83,76,83,70,83,83,83,83,85,75,76,76,59,75,81,72,131,111,123,129,204,39,34,41,35,37,43,45,38,31,41,30,42,31,40,0,0,0,0,0,16,0,17,14,62,75,67,64,82,12,56,0,0,0,0,0,0,0,0,0,0,0,0,0,0,0,0,0,0,0,0,0,0,0,0,0,0,0,0,0,0,0,0,0,0,-7,0,0,0,-8,-8,-8,-8,-8,0,0,0,0,0,0,0,0,0,-8,-8,-8,-8,-8,-8,-8,-8,-14,-14,-60,-60,-61,-61,-60,-60,-59,-60,-61,-60,-60,-59,-60,-60,-60,-60,-56,-56,-56,-10,-14,0,-56,-56,-56,-56,-56,-56,-63,-63,-63,-63,-70,-56,-63,-56,-56,-28,-28,-28,-28,-28,-55,0,-56,-56,-56,-56,-56,-56,-56,-56,-56,-56,-56,-56,-56,-56,-56,-56,-56,-56,-56,-56,-56,-56,-56,-56,-56,-55,-56,-56,-56,-56,-56,-56,-56,-56,-56,-56,-56,-56,-56,-56,-56,-56,-56,-56,-56,-56,-56,-56,-56,-56,-56,-56,-56,-56,-56,-56,-56,-56,-56,-56,-56,-56,-56,-56,-56,-56,-56,-68,-68,-60,-75,-61,-75,-68,-29997,-29998]} 1. e4 e5 2. Nf3 Nc6 3. Bb5 a6 4. Ba4 Nf6 5. O-O Be7 6. Re1 b5 7. Bb3 d6 8. c3 O-O 9. h3 Na5 10. Bc2 c5 11. d4 Qc7 12. d5 c4 13. b4 cxb3 {C97: Closed Ruy Lopez: Chigorin Defence: 11 d4 Qc7, sidelines} 14. axb3 Nb7 (14... Bd7 15. Ba3 Bd8 16. Nbd2 Qb8 17. b4 Nc4 18. Nxc4 bxc4 19. Ba4 Bb5 20. Bc1 h6 21. Nh4 Bxa4 22. Rxa4 Nxd5 23. exd5 Bxh4 {1-0 (53) Robson,R (2644)-Sevian,S (2615) Saint Louis 2017}) 15. b4 Nd7 {White is better.} 16. Bd3 Nb6 17. Qe2 $146 ({Predecessor:} 17. Re2 Nd8 18. Rea2 Bb7 19. Be3 Rc8 20. Nfd2 f6 21. Nb3 {½-½ (31) Rojicek,V (2405)-Vocaturo,D (2507) Pardubice 2009}) 17... Bd7 18. Be3 Rfc8 19. Na3 Na4 20. Rec1 f5 ({Better is} 20... Qd8) 21. exf5 Nxc3 {[#]} 22. Qb2 $1 {Strongly threatening Bd2.} Bf6 {[#]} (22... e4 $16) 23. Be4 $2 (23. Nxb5 $1 $18 {[%mdl 512]} axb5 24. Rxa8 Rxa8 25. Rxc3) 23... a5 $14 {Hoping for ...axb4.} 24. Nb1 {[%cal Rc1c3]} axb4 25. Rxa8 Rxa8 26. Nxc3 bxc3 27. Rxc3 Qd8 28. g4 h6 29. Kg2 Ra4 30. Nd2 Bg5 $1 31. Bc2 Bxe3 $1 32. fxe3 Ra8 33. Ne4 Qa5 34. Bb1 b4 35. Rb3 Qxd5 36. Rxb4 Bc6 {next ...Nc5 is good for Black.} 37. Kg3 (37. Kh2 $16) 37... Kf8 (37... Nc5 {is more complex.} 38. Qe2 Nd7 39. Rb2 Nc5 40. Nxc5 Qxc5 41. Rc2 Qb6) 38. Qd2 ({White should try} 38. f6 $14) 38... Qxd2 $11 39. Nxd2 Nc5 40. Rb6 Rc8 41. h4 Ke7 42. g5 hxg5 43. hxg5 Bd5 44. Kg4 Ra8 45. f6+ gxf6 46. gxf6+ Kd7 47. Bf5+ Kc7 48. Rb4 Rg8+ 49. Kh4 Nd7 50. Bxd7 Kxd7 {[%mdl 4096] Endgame KRB-KRN} 51. e4 Bf7 52. Rb7+ Ke6 53. Nc4 Kxf6 54. Nxd6 Be6 55. Rb2 Rg4+ 56. Kh5 Rf4 57. Rb7 {[%cal Rd6e8]} Bg4+ 58. Kh6 Bd7 {[%cal Rf4h4]} 59. Kh5 Bg4+ 60. Kh6 Ke6 61. Rb6 Kd7 62. Kg5 Kc7 63. Ra6 Bd7 64. Nc4 Rxe4 65. Ra7+ Kc6 66. Na5+ Kd6 67. Nb7+ Kd5 68. Nd8 Rg4+ 69. Kh5 Rg7 70. Kh6 Re7 71. Kg5 e4 72. Kf6 Rh7 {...e3 is the strong threat.} 73. Nf7 Be8 74. Ra5+ Kd4 75. Ng5 Rh6+ $1 76. Ke7 Bc6 77. Ne6+ Ke3 78. Ra3+ Kf2 {With the idea ...Bd5.} 79. Ra2+ Ke3 80. Ra3+ $1 Kd2 81. Ra2+ Kc3 82. Ra3+ Kb4 83. Re3 Kc4 84. Re1 Kd5 85. Nf4+ Ke5 86. Nd3+ $1 Kd4 87. Nf2 Bd5 88. Rd1+ Kc5 89. Rc1+ Kb4 90. Rd1 e3 (90... Kc4 $15 91. Rc1+ Kb4) 91. Nd3+ (91. Rxd5 $11 exf2 92. Rf5) 91... Kc3 $15 92. Nf4 Bc4 {And now ...Rh4 would win.} 93. Rc1+ $1 Kd4 {Threatens to win with ...Rh4.} 94. Ng2 $1 e2 95. Nf4 Rh4 {[#]} (95... Rh7+ {keeps more tension.} 96. Kd6 Rf7 97. Nxe2+ Bxe2 98. Rc6 Bb5) 96. Nxe2+ $1 {[%mdl 512]} Bxe2 {KRB-KR} 97. Kf6 Rh5 98. Rg1 Bd3 99. Ra1 Rf5+ 100. Ke6 Rf2 101. Rd1 Rg2 102. Kd6 Rg6+ 103. Kd7 Ke4 104. Re1+ Kd5 105. Rd1 Rg7+ 106. Kd8 Ke4 107. Re1+ Kf5 108. Re7 Rg6 109. Kc7 Bc4 110. Rd7 Ke5 111. Re7+ Kd5 112. Rd7+ Kc5 113. Re7 Be6 114. Rh7 Rg8 115. Re7 Bd5 116. Rd7 Rf8 117. Re7 Ra8 118. Rd7 Be6 119. Re7 Kd5 120. Kb7 Ra1 121. Rc7 Rb1+ 122. Ka7 Kd6 123. Rb7 Ra1+ 124. Kb8 Bd7 125. Ra7 $1 Rh1 126. Ra2 Rh8+ 127. Ka7 Bc6 {( -> ...Kc7)} 128. Rd2+ $2 {[%mdl 8192]} (128. Re2 $15) 128... Kc7 {Accuracy: White = 75%, Black = 78%.} 0-1

[Event "Polonia Wroclaw Masters Cup-IM"]
[Site "Wroclaw"]
[Date "2019.04.30"]
[Round "3.1"]
[White "Frolov, Artur"]
[Black "Krzywda, Andrzej"]
[Result "1/2-1/2"]
[WhiteElo "2440"]
[BlackElo "2195"]
[Annotator "TA"]
[PlyCount "166"]
[EventDate "2019.04.28"]
[EventType "tourn"]
[EventCountry "POL"]
[SourceTitle "playchess.com"]
[Source "ChessBase"]
[SourceQuality "1"]

{[%evp 20,166,1,6,16,12,6,16,18,0,0,0,0,0,0,-16,-8,-6,-16,-18,-13,-20,-12,-12,0,0,0,0,0,-13,-31,-40,-37,-48,0,0,10,0,0,-10,-10,-10,0,0,8,0,0,0,-10,-31,-31,-31,-31,-31,-31,-31,-31,-73,-31,-31,-31,-73,-73,-73,-31,-31,-31,-31,-31,-31,-31,-31,0,-31,-31,-31,-31,-31,-31,-31,0,-31,-31,-31,0,-31,0,0,0,-31,-31,-31,-31,-31,-31,-31,-31,-31,-31,-31,-31,-31,-31,-31,-31,-31,-31,-31,-31,-31,-31,-31,-31,-31,-31,-31,-31,-31,-8,-95,-8,-9,-9,-16,0,0,0,0,0,-8,-8,-8,-8,-8,-8,-8,-8,-8,-8,-8,0,0,0,0,0,0,0,0,0]} 1. e4 c6 2. d4 d5 3. Nd2 dxe4 4. Nxe4 Bf5 5. Ng3 Bg6 6. Nf3 Nd7 7. h4 h6 8. h5 Bh7 9. Bd3 Bxd3 10. Qxd3 e6 11. Bf4 Qa5+ {B19: Classical Caro-Kann: 4...Bf5 main line} 12. Bd2 Bb4 13. a3 Bxd2+ 14. Qxd2 Qxd2+ 15. Kxd2 Ngf6 16. Rad1 O-O 17. Ke2 Rfd8 18. Ne5 Rac8 19. f4 c5 {White must now prevent ...cxd4.} 20. dxc5 Nxc5 21. c4 Nce4 22. Nxe4 Nxe4 23. Kf3 f5 24. g4 Rd2 25. gxf5 exf5 26. b4 Rcd8 ({Better is} 26... Rb2 $15) 27. Rxd2 $11 Rxd2 {[%mdl 4096] Endgame KRN-KRN} 28. c5 Ra2 29. Nc4 Rc2 30. Nd6 Rc3+ {[%mdl 64] [#] Double Attack} 31. Ke2 Rxa3 {Threatens to win with ...Ng3+.} 32. Nxe4 fxe4 {KR-KR} 33. Rd1 {And now Rd7 would win.} a5 34. b5 Rc3 35. Rd8+ Kh7 36. Rc8 {Strongly threatening b6.} a4 37. c6 bxc6 38. Rxc6 Rb3 (38... Rh3 {is more complex.} 39. Ra6 Rxh5 40. Rxa4 Rxb5 41. Ke3 h5) 39. Ra6 Rxb5 40. Rxa4 Rxh5 41. Rxe4 Rh1 42. Kf3 Rg1 43. Re5 Kg6 44. Kf2 Rg4 45. Kf3 Rg1 46. Kf2 Ra1 47. Kg3 Ra3+ 48. Kg4 Kf6 49. Rf5+ Kg6 50. Rb5 (50. Re5 {is interesting.}) 50... Kh7 51. Rc5 Kg8 52. Rb5 Kf7 53. Rb7+ Kg8 54. Rb5 Rc3 55. Ra5 Rc4 56. Kg3 Rc6 57. Kg4 Kf7 58. Rf5+ Kg6 59. Ra5 Kf6 60. Rf5+ Ke7 61. Re5+ Re6 {...Rxe5 is the strong threat.} 62. Ra5 Rg6+ 63. Kf3 Rg1 64. Kf2 Rb1 65. Kf3 Kf6 66. Ra6+ Kf5 67. Ra5+ Kg6 68. Ra6+ Kh5 69. Ra7 (69. Kg2 $11) 69... g6 (69... Rb3+ $17 70. Kg2 Kg6) 70. Ra5+ {The position is equal.} Kh4 71. Ra6 Rg1 {[#]} 72. f5 $1 {[%mdl 512]} gxf5 73. Rxh6+ Kg5 74. Ra6 (74. Rh7 {seems wilder.} Rf1+ 75. Ke3 Ra1 76. Rg7+ Kf6 77. Rg8) 74... Rf1+ 75. Kg2 Rb1 76. Ra4 Rb3 77. Kf2 Rc3 78. Rb4 Ra3 79. Rc4 f4 80. Rc8 Ra2+ 81. Kf3 Ra3+ 82. Kf2 Kg4 83. Rg8+ Kf5 {Accuracy: White = 72%, Black = 56%.} 1/2-1/2

[Event "Polonia Wroclaw Masters Cup-IM"]
[Site "Wroclaw"]
[Date "2019.04.30"]
[Round "3.2"]
[White "Stachowiak, Kamil"]
[Black "Czopor, Maciej"]
[Result "1-0"]
[WhiteElo "2439"]
[BlackElo "2229"]
[Annotator "TA"]
[PlyCount "85"]
[EventDate "2019.04.28"]
[EventType "tourn"]
[EventCountry "POL"]
[SourceTitle "playchess.com"]
[Source "ChessBase"]
[SourceQuality "1"]

{[%evp 18,85,37,38,43,42,72,73,60,56,60,56,118,124,129,133,119,100,99,85,98,80,129,120,125,122,139,131,183,178,180,180,219,214,218,205,234,233,233,233,259,259,293,281,308,301,353,350,329,340,339,332,287,283,360,337,347,360,332,336,590,377,665,665,665,654,639,639,506,491]} 1. c4 Nf6 2. g3 e6 3. Bg2 d5 4. Nf3 dxc4 5. Qa4+ Bd7 6. Qxc4 Bc6 7. O-O Nbd7 8. d4 Be7 9. Nc3 O-O 10. Qd3 Rb8 {E02: Open Catalan: 5 Qa4+} 11. Rd1 b5 12. Ne5 Bxg2 {White is better.} 13. Kxg2 {Nc6 is the strong threat.} Rb6 14. Bf4 {[#]} Nd5 $146 (14... Qc8 $14) ({Predecessor:} 14... Qa8+ 15. f3 Rd8 16. Nxb5 Nxe5 17. Bxe5 c6 18. Na3 Rxb2 {½-½ (37) Videki,S (2400)-Zilka,S (2520) Austria 2015}) 15. Nxd5 $16 exd5 16. Rac1 $36 {[%mdl 2048] Keeping Black busy.} Bd6 17. Qf5 Nb8 18. Rc2 g6 19. Qg4 Qc8 20. Qxc8 Rxc8 21. Rdc1 Re8 22. e3 Rb7 (22... a5 $16 23. h4 a4) 23. Nd3 $18 Bxf4 24. gxf4 ({Don't take} 24. exf4 $6 c6 $16) 24... Re7 25. Nb4 Rd7 26. Rc5 c6 27. Nxc6 Nxc6 28. Rxc6 {[%mdl 4096] Endgame KRR-KRR} Kg7 29. b4 Kf8 30. R1c5 Ke7 31. Kf3 f5 32. h4 Rd6 33. Kg3 Kd7 34. Rc8 Ke6 35. Re8+ Kf7 36. Re5 Ra6 37. Rexd5 ({Don't do} 37. Rcxd5 Rxa2 38. Rxb5 Rxb5) 37... Rxa2 38. Rxb5 Rxb5 $2 {[#]} (38... Rc7 {keeps fighting.} 39. h5 Ra6) 39. Rxb5 {KR-KR} Ke6 $2 (39... h5 40. d5 Ra4 41. Rb7+ Ke8) 40. Ra5 {White is clearly winning.} Rb2 41. Rxa7 Rxb4 42. Rxh7 Kf6 43. h5 {Accuracy: White = 98%, Black = 46%.} 1-0

[Event "Polonia Wroclaw Masters Cup-IM"]
[Site "Wroclaw"]
[Date "2019.04.30"]
[Round "3.3"]
[White "Baum, Jonasz"]
[Black "Martynyuk, Elizaveta"]
[Result "1/2-1/2"]
[WhiteElo "2290"]
[BlackElo "2141"]
[Annotator "NA"]
[PlyCount "143"]
[EventDate "2019.04.28"]
[EventType "tourn"]
[EventCountry "POL"]
[SourceTitle "playchess.com"]
[Source "ChessBase"]
[SourceQuality "1"]
[TimeControl "40/5400+30:900+30"]

1. d4 {[%emt 0:00:00]} d5 {[%emt 0:05:19]} 2. c4 {[%emt 0:00:00]} e6 {[%emt 0:00:08]} 3. Nf3 {[%emt 0:00:00]} Be7 {[%emt 0:00:13]} 4. g3 {[%emt 0:00:13]} Nf6 {[%emt 0:00:42]} 5. Bg2 {[%emt 0:00:06]} O-O {[%emt 0:01:14]} 6. O-O {[%emt 0:00:07]} Nbd7 {[%emt 0:01:16]} 7. Nbd2 {[%emt 0:01:17]} c6 {[%emt 0:01:29]} 8. Qc2 {[%emt 0:00:07]} Qc7 {[%emt 0:01:18]} 9. e4 {[%emt 0:00:26]} dxe4 {[%emt 0:00:33]} 10. Nxe4 {[%emt 0:00:01]} e5 {[%emt 0:01:16]} 11. dxe5 {[%emt 0:05:36]} Nxe5 {[%emt 0:00:06]} 12. Nxe5 {[%emt 0:03:25]} Qxe5 {[%emt 0:01:55]} 13. Bf4 {[%emt 0:00:09]} Qh5 {[%emt 0:08:01]} 14. Nxf6+ {[%emt 0:10:54]} (14. Bd6 $14 Re8 15. Bxe7 Rxe7 16. Nxf6+ gxf6 17. Rae1 Rxe1 18. Rxe1) 14... Bxf6 $11 {[%emt 0:00:09]} 15. Rfe1 {[%emt 0:19:17]} Bf5 {[%emt 0:06:51]} 16. Qb3 {[%emt 0:00:53]} h6 {[%emt 0:14:25]} 17. Qxb7 {[%emt 0:04:08]} Rad8 {[%emt 0:00:28]} 18. Qxc6 {[%emt 0:01:40]} Bxb2 {[%emt 0:02:16]} 19. Bf3 {[%emt 0:00:31]} Bg4 {[%emt 0:00:35]} 20. Bxg4 {[%emt 0:00:21]} Qxg4 {[%emt 0:00:10]} 21. Rab1 {[%emt 0:00:12]} Bc3 {[%emt 0:00:40]} 22. Re7 {[%emt 0:13:47]} a5 {[%emt 0:04:18]} 23. Kg2 {[%emt 0:03:55]} Bd2 {[%emt 0:03:17]} 24. Qf3 {[%emt 0:08:02]} Qxf3+ {[%emt 0:13:41]} 25. Kxf3 {[%emt 0:00:02]} Bxf4 {[%emt 0:00:57]} 26. gxf4 {[%emt 0:00:12]} Rd2 {[%emt 0:01:44]} 27. Re2 {[%emt 0:00:33]} Rd3+ {[%emt 0:00:31]} 28. Re3 {[%emt 0:01:28]} Rd2 {[%emt 0:00:10]} 29. Rc3 {[%emt 0:17:25]} Rxa2 {[%emt 0:04:02]} 30. c5 {[%emt 0:00:04]} Ra4 {[%emt 0:03:59]} 31. c6 {[%emt 0:05:16]} Rb4 {[%emt 0:00:38]} 32. Rbc1 {[%emt 0:00:55]} Rc8 {[%emt 0:00:36]} 33. c7 {[%emt 0:00:17]} Kh7 {[%emt 0:02:50]} 34. Rd3 {[%emt 0:03:39]} Rb7 {[%emt 0:00:17]} 35. Rd7 {[%emt 0:00:17]} a4 {[%emt 0:02:44]} 36. Rxf7 {[%emt 0:00:10]} Kg6 {[%emt 0:00:10]} 37. Rd7 {[%emt 0:00:08]} a3 {[%emt 0:00:06]} 38. Ke4 {[%emt 0:02:47]} a2 {[%emt 0:00:35]} 39. f5+ {[%emt 0:00:25]} Kh7 {[%emt 0:01:43]} 40. Ra1 {[%emt 0:00:00]} Rcxc7 {[%emt 0:00:00]} 41. Rxc7 {[%emt 0:00:47]} Rxc7 {[%emt 0:00:33]} 42. Rxa2 {[%emt 0:00:02]} Kg8 {[%emt 0:01:02]} 43. h3 {[%emt 0:08:26]} Kf7 {[%emt 0:00:09]} 44. Ra6 {[%emt 0:00:19]} Re7+ {[%emt 0:00:17]} 45. Kf4 {[%emt 0:00:11]} Rb7 {[%emt 0:00:21]} 46. Kg4 {[%emt 0:00:24]} Rb4+ {[%emt 0:00:14]} 47. f4 {[%emt 0:00:16]} Rb3 {[%emt 0:01:02]} 48. Rg6 {[%emt 0:01:04]} h5+ {[%emt 0:01:19]} 49. Kh4 {[%emt 0:01:19]} Rf3 {[%emt 0:00:06]} 50. Ra6 {[%emt 0:01:26]} Rxf4+ {[%emt 0:00:28]} 51. Kg5 {[%emt 0:00:04]} Rf1 {[%emt 0:00:42]} 52. Ra7+ {[%emt 0:00:17]} Kf8 {[%emt 0:00:42]} 53. h4 {[%emt 0:01:11]} Rg1+ {[%emt 0:00:04]} 54. Kxh5 {[%emt 0:00:07]} Rf1 {[%emt 0:00:26]} 55. Kg4 {[%emt 0:03:41]} Rg1+ {[%emt 0:00:14]} 56. Kh3 {[%emt 0:01:18]} Rh1+ {[%emt 0:00:09]} 57. Kg3 {[%emt 0:00:13]} Rg1+ {[%emt 0:00:05]} 58. Kf4 {[%emt 0:01:11]} Rf1+ {[%emt 0:00:08]} 59. Kg4 {[%emt 0:00:18]} Rg1+ {[%emt 0:00:06]} 60. Kh3 {[%emt 0:00:04]} Rh1+ {[%emt 0:00:06]} 61. Kg3 {[%emt 0:00:05]} Rg1+ {[%emt 0:00:24]} 62. Kh2 {[%emt 0:00:40]} Rf1 {[%emt 0:00:06]} 63. Ra5 {[%emt 0:00:05]} Kf7 {[%emt 0:00:05]} 64. Kg2 {[%emt 0:00:06]} Rf4 {[%emt 0:00:04]} 65. Kg3 {[%emt 0:00:15]} Rb4 {[%emt 0:00:03]} 66. Ra6 {[%emt 0:00:52]} Rb1 {[%emt 0:00:13]} 67. Ra3 {[%emt 0:00:38]} Kf6 {[%emt 0:00:17]} 68. Rf3 {[%emt 0:00:08]} Rb5 {[%emt 0:00:11]} 69. Kg4 {[%emt 0:00:20]} Rb1 {[%emt 0:00:18]} 70. Rf2 {[%emt 0:01:28]} Rg1+ {[%emt 0:00:44]} 71. Kf4 {[%emt 0:00:03]} Rh1 {[%emt 0:00:32]} 72. Kg4 {[%emt 0:01:18]} 1/2-1/2

[Event "Polonia Wroclaw Masters Cup-IM"]
[Site "Wroclaw"]
[Date "2019.04.30"]
[Round "3.4"]
[White "Mahitosh Dey"]
[Black "Odnorozhenko, Evgenyi"]
[Result "1/2-1/2"]
[WhiteElo "2187"]
[BlackElo "2275"]
[Annotator "NA"]
[PlyCount "157"]
[EventDate "2019.04.28"]
[EventType "tourn"]
[EventCountry "POL"]
[SourceTitle "playchess.com"]
[Source "ChessBase"]
[SourceQuality "1"]
[TimeControl "40/5400+30:900+30"]

1. e4 {[%emt 0:02:33]} e5 {[%emt 0:01:01]} 2. Nf3 {[%emt 0:00:07]} Nc6 {[%emt 0:00:06]} 3. d4 {[%emt 0:00:02]} exd4 {[%emt 0:00:09]} 4. Nxd4 {[%emt 0:00:05]} Bc5 {[%emt 0:00:52]} 5. Nb3 {[%emt 0:00:06]} Bb6 {[%emt 0:00:07]} 6. Nc3 {[%emt 0:00:09]} d6 {[%emt 0:01:59]} 7. Qe2 {[%emt 0:00:05]} Nge7 {[%emt 0:02:16] C45: Scotch Game} 8. Be3 {[%emt 0:00:08]} Be6 {[%emt 0:01:21]} (8... O-O 9. O-O-O f5 10. f4 fxe4 11. g3 Bxe3+ 12. Qxe3 Nf5 13. Bc4+ Kh8 14. Qe2 e3 15. Rhf1 {1-0 (39) Navara,D (2739)-Laznicka,V (2670) Prague 2019}) 9. O-O-O {[%emt 0:00:08]} Qd7 {[%emt 0:00:44]} 10. f3 {[%emt 0:00:19]} O-O-O {[%emt 0:00:58]} 11. Bxb6 {[%emt 0:00:14]} axb6 {[%emt 0:00:08]} 12. Nd4 $146 {[%emt 0:00:07]} ({Predecessor:} 12. Qe3 Kb8 13. Bb5 Bxb3 14. axb3 Qe6 15. Rhe1 {½-½ (78) Oglaza,O (2310)-Rohit,K (2403) St Petersburg 2018}) 12... Kb8 {[%emt 0:02:03]} 13. Nxe6 {[%emt 0:00:37]} Qxe6 {[%emt 0:00:28]} 14. Qb5 {[%emt 0:03:31]} Qe5 {[%emt 0:05:14]} 15. Bc4 {[%emt 0:01:40]} Qxb5 {[%emt 0:00:18]} 16. Bxb5 {[%emt 0:02:29]} Ne5 {[%emt 0:01:41]} 17. f4 {[%emt 0:00:29]} N5c6 {[%emt 0:00:35]} 18. Rhe1 {[%emt 0:01:01]} Ng6 {[%emt 0:04:29]} 19. g3 {[%emt 0:00:10]} Nce7 {[%emt 0:01:22]} 20. Bc4 {[%emt 0:00:20]} Rhf8 {[%emt 0:02:11]} 21. h4 {[%emt 0:00:25]} c6 {[%emt 0:00:08]} 22. h5 {[%emt 0:00:20]} Nh8 {[%emt 0:00:02]} 23. g4 {[%emt 0:02:22]} f6 {[%emt 0:00:20]} 24. Ne2 {[%emt 0:01:20]} b5 {[%emt 0:01:55]} 25. Bb3 {[%emt 0:00:06]} Nc8 {[%emt 0:00:55]} 26. Nd4 {[%emt 0:00:22]} Rfe8 {[%emt 0:00:51]} 27. c3 $16 {[%emt 0:01:49]} Ka7 {[%emt 0:04:21]} 28. Be6 {[%emt 0:01:51]} Nb6 {[%emt 0:00:47]} 29. Bb3 {[%emt 0:00:13]} Nc8 {[%emt 0:00:02]} 30. Nf5 {[%emt 0:07:49]} Rd7 {[%emt 0:00:31]} 31. e5 {[%emt 0:00:38]} fxe5 {[%emt 0:00:25]} 32. fxe5 {[%emt 0:00:04]} d5 {[%emt 0:00:08]} 33. e6 {[%emt 0:00:21]} Rc7 {[%emt 0:00:07]} 34. Re2 {[%emt 0:03:45]} g6 {[%emt 0:01:47]} 35. Nd4 {[%emt 0:00:05]} gxh5 {[%emt 0:05:35]} 36. gxh5 {[%emt 0:00:11]} Rg7 {[%emt 0:00:16]} 37. Rf1 {[%emt 0:01:24]} Rg5 {[%emt 0:02:07]} 38. Ref2 {[%emt 0:03:52]} Rgg8 {[%emt 0:02:34]} 39. Re1 {[%emt 0:03:24]} Nd6 {[%emt 0:00:45]} 40. Bc2 {[%emt 0:00:00]} Rg5 {[%emt 0:00:00]} 41. Nf5 {[%emt 0:00:26]} Ne4 {[%emt 0:03:06]} 42. Bxe4 {[%emt 0:00:38]} Rxe6 {[%emt 0:00:01]} 43. Nd4 {[%emt 0:01:17]} Re8 {[%emt 0:04:28]} 44. Nf3 {[%emt 0:01:35]} Rxh5 {[%emt 0:00:06]} 45. Bd3 {[%emt 0:00:09]} Rf8 {[%emt 0:00:21]} 46. Rh2 {[%emt 0:00:27]} Rxh2 {[%emt 0:06:19]} 47. Nxh2 {[%emt 0:01:06]} Ng6 {[%emt 0:00:08]} 48. Bxg6 {[%emt 0:00:14]} hxg6 {[%emt 0:00:06]} 49. Rg1 {[%emt 0:00:26]} Rf2 {[%emt 0:00:30]} 50. Ng4 {[%emt 0:00:03]} Rf4 {[%emt 0:00:17]} 51. Ne5 {[%emt 0:00:21]} d4 {[%emt 0:01:40]} 52. Nxg6 {[%emt 0:00:11]} Re4 {[%emt 0:00:02]} 53. cxd4 {[%emt 0:00:10]} Rxd4 {[%emt 0:00:04]} 54. Ne5 {[%emt 0:00:08]} Re4 {[%emt 0:00:22]} 55. Nd3 {[%emt 0:00:03]} b6 {[%emt 0:03:52]} 56. Re1 {[%emt 0:00:08]} Rd4 {[%emt 0:00:38]} 57. Kc2 {[%emt 0:00:23]} b4 {[%emt 0:01:20]} 58. Re7+ {[%emt 0:00:48]} Ka6 {[%emt 0:00:37]} 59. Re6 {[%emt 0:00:43]} Kb5 {[%emt 0:01:28]} 60. Rf6 {[%emt 0:01:03]} c5 {[%emt 0:01:34]} 61. b3 {[%emt 0:02:15]} Re4 {[%emt 0:01:02]} 62. Nb2 {[%emt 0:00:15]} Re2+ {[%emt 0:00:02]} 63. Kc1 {[%emt 0:00:04]} Re8 {[%emt 0:02:35]} 64. Nc4 {[%emt 0:00:53]} Rb8 {[%emt 0:00:02]} 65. Kd2 {[%emt 0:00:10]} Ka6 {[%emt 0:00:14]} 66. Kd3 {[%emt 0:00:13]} Ka7 {[%emt 0:00:40]} 67. Ke4 {[%emt 0:02:14]} Ka6 {[%emt 0:11:35]} 68. Kd5 {[%emt 0:00:53]} Rb7 {[%emt 0:00:15]} 69. Rd6 {[%emt 0:02:15]} Rb8 {[%emt 0:01:00]} 70. Kc6 {[%emt 0:02:07]} Rc8+ {[%emt 0:00:07]} 71. Kd7 {[%emt 0:00:07]} Rb8 {[%emt 0:00:06]} 72. Kc7 {[%emt 0:02:05]} Rb7+ {[%emt 0:00:32]} 73. Kc8 {[%emt 0:00:05]} Ka7 {[%emt 0:00:11]} 74. Rd7 {[%emt 0:00:25]} Rxd7 {[%emt 0:00:08]} 75. Kxd7 {[%emt 0:00:05]} b5 {[%emt 0:00:15]} 76. Kc6 {[%emt 0:01:17]} bxc4 {[%emt 0:00:06]} 77. bxc4 {[%emt 0:00:04]} Ka6 {[%emt 0:00:15]} 78. Kxc5 {[%emt 0:00:02]} Ka5 {[%emt 0:00:11]} 79. Kd6 {[%emt 0:00:10]} 1/2-1/2